Una misión: las trampas de la relación Chileno-Boliviana
Zapisane w:
| 1. autor: | |
|---|---|
| Format: | Książka |
| Język: | hiszpański |
| Wydane: |
Santiago
Random House Mondadori
2004
|
| Wydanie: | 1a. ed |
| Seria: | Debate
|
| Hasła przedmiotowe: | |
| Etykiety: |
Dodaj etykietę
Nie ma etykietki, Dołącz pierwszą etykiete!
|
MARC
| LEADER | 00000nam a2200000 a 4500 | ||
|---|---|---|---|
| 001 | UCK4513 | ||
| 003 | CL-VaPUC | ||
| 005 | 20230414074549.0 | ||
| 008 | 050610e20041100CL |||||||||||||||||spa|d | ||
| 999 | |c 313344 |d 313342 | ||
| 020 | |a 9568410007 | ||
| 040 | |c Pontificia Universidad Católica de Valparaíso | ||
| 082 | 0 | 4 | |a 327.83084 |b PEZ |2 21 |
| 100 | 0 | |a Pérez Yoma, Edmundo |e author |9 493027 | |
| 245 | 1 | 4 | |a Una misión: las trampas de la relación Chileno-Boliviana |
| 250 | |a 1a. ed | ||
| 260 | |a Santiago |b Random House Mondadori |c 2004 | ||
| 300 | |a 185 p | ||
| 490 | 0 | |a Debate | |
| 500 | |a El autor es empresario, ex-ministro y ex-diplomático democratacristiano | ||
| 500 | |a El libro incluye una serie de fotografías de personajes interesantes | ||
| 583 | |a last modification |c 20050610 00:00:00 |k Rodrigo Vera | ||
| 600 | 0 | 7 | |a Lagos Escobar, Ricardo |d 1938- |9 859563 |
| 600 | 0 | 7 | |a BANZER, HUGO |9 493028 |
| 600 | 0 | |a Insulza, José Miguel |d 1943- |9 493029 | |
| 600 | 0 | 7 | |a QUIROGA, JORGE |2 CL-VaPUC |9 493030 |
| 600 | 0 | 7 | |a SANCHEZ DE LOSADA, GONZALO |2 CL-VaPUC |9 493031 |
| 600 | 0 | 7 | |a Mesa Gisbert, Carlos D., |d 1953- |9 865101 |
| 600 | 0 | |a Morales, Evo |9 493033 | |
| 650 | 0 | |a Diplomacia |9 256483 | |
| 650 | 0 | |a Relaciones Internacionales |9 255740 | |
| 650 | 7 | |a CONFLICTOS INTERNACIONALES |2 CL-VaPUC |9 334143 | |
| 650 | 0 | |a Relaciones Exteriores |9 255379 | |
| 650 | 0 | |a Solución de conflictos |9 266729 | |
| 650 | 0 | |a Historia diplomática |9 314834 | |
| 650 | 7 | |a MINISTERIOS |2 CL-VaPUC |9 351934 | |
| 650 | 0 | |a Presidentes |9 255176 | |
| 650 | 0 | |a Gas natural |9 263904 | |
| 651 | 7 | |a CHILE |2 CL-VaPUC |9 493034 | |
| 651 | 0 | |a Bolivia |9 255454 | |
| 651 | 7 | |a LA PAZ |2 CL-VaPUC |9 359439 | |
| 651 | 0 | |a Santiago |9 265444 | |
| 852 | |a BIBCUR | ||
| 942 | |c BK |2 ddc | ||
| 945 | |d 20050610 00:00:00 |a cmena | ||
| 952 | |0 0 |1 0 |4 0 |6 327_830840000000000_PEZ_2004 |7 0 |8 A |9 384653 |a BIBHIS |b BIBHIS |d 2019-11-22 |i 413205K |o 327.83084 PEZ 2004 |p 413205K |r 2025-01-20 |w 2019-11-22 |y BK |k HIS | ||
| 952 | |0 0 |1 0 |4 0 |6 327_830840000000000_PEZ_2004 |7 0 |8 X |9 384654 |a FDOBUD |b FDOBUD |d 2019-11-22 |i 1084348 |o 327.83084 PEZ 2004 |p 1084348 |r 2019-11-22 |w 2019-11-22 |y BK_X |k BUD | ||